<?xml version="1.0" encoding="UTF-8"?>
<record
    xmlns:xsi="http://www.w3.org/2001/XMLSchema-instance"
    xsi:schemaLocation="http://www.loc.gov/MARC21/slim http://www.loc.gov/standards/marcxml/schema/MARC21slim.xsd"
    xmlns="http://www.loc.gov/MARC21/slim">

  <leader>00250nam a2200097Ia 4500</leader>
  <controlfield tag="001">767939</controlfield>
  <controlfield tag="005">20250826165409.0</controlfield>
  <controlfield tag="008">250824s9999    xx            000 0 und d</controlfield>
  <datafield tag="245" ind1=" " ind2="0">
    <subfield code="a">&#x15E;U ACAY&#x130;P YERY&#xDC;Z&#xDC;</subfield>
    <subfield code="c">TARIK USLU</subfield>
  </datafield>
  <datafield tag="260" ind1=" " ind2=" ">
    <subfield code="b">U&#x11E;UR B&#xD6;CE&#x11E;&#x130; YAYINLARI</subfield>
  </datafield>
  <datafield tag="999" ind1=" " ind2=" ">
    <subfield code="c">767939</subfield>
    <subfield code="d">767939</subfield>
  </datafield>
  <datafield tag="952" ind1=" " ind2=" ">
    <subfield code="0">0</subfield>
    <subfield code="1">0</subfield>
    <subfield code="4">0</subfield>
    <subfield code="7">0</subfield>
    <subfield code="a">1009</subfield>
    <subfield code="b">1009</subfield>
    <subfield code="d">2025-08-24</subfield>
    <subfield code="l">0</subfield>
    <subfield code="p">10093891</subfield>
    <subfield code="r">2025-08-26 16:54:09</subfield>
    <subfield code="w">2025-08-26</subfield>
    <subfield code="y">BK</subfield>
  </datafield>
</record>
